| 000 | 00344nam a2200133Ia 4500 | ||
|---|---|---|---|
| 008 | 210210b1977 xxu||||| |||| 00| 0 eng d | ||
| 082 | _aS891.8 TRIP | ||
| 100 | _aTRIPATHI (Brahmanand). | ||
| 245 | _aPrastavartnakar. | ||
| 260 |
_aVaranasi _bChaukhamba Surabharati _c1977 |
||
| 300 | _a156 | ||
| 690 | _aSanskrit Miscellaneous | ||
| 906 | _a033728 | ||
| 999 |
_c84553 _d84553 |
||